000 00291nam a22001337a 4500
008 170504b xxu||||| |||| 00| 0 eng d
020 _a9780131830011
041 _aeng
080 _24 ED
_a34
100 _a13
101 _aSHJ
245 _aPOLICY ANALSIS
_cWETMER.D.L
942 _2udc
_cBK
999 _c12641
_d12641